000 00474nam a2200169Ia 4500
003 SISC
005 20190212104658.0
008 181022s9999 xx 000 0 und d
020 _a9781138457058
100 _aToumi, Mondher.
245 _cMondher Toumi.--
_aIntroduction to market access for pharmaceuticals /
260 _aFlorida :
_bCRC press
_c2017
300 _axxvii, 175 pages.
650 _aDrugs -- marketing.
650 _aPharmaceutical.
942 _2lcc
_cBK
999 _c359297
_d359297